000 00415nam a2200169 a 4500
001 0000-8514
003 ELIB.Books
008 110520 1980
035 _a(ELIB.Books)0000-8659
082 _a248
_bMit
100 _aMitchell, Ed.
245 _aThe True Gospel
260 _bPalm Springs; Victory Press
_c1980
650 _aChristian Life
942 _2ddc
_cBK
998 _cbat
_e2011-05-20
999 _c8514
_d8514